<?xml version="1.0" encoding="UTF-8"?>
<record
    xmlns:xsi="http://www.w3.org/2001/XMLSchema-instance"
    xsi:schemaLocation="http://www.loc.gov/MARC21/slim http://www.loc.gov/standards/marcxml/schema/MARC21slim.xsd"
    xmlns="http://www.loc.gov/MARC21/slim">

  <leader>01080nam a22002537a 4500</leader>
  <controlfield tag="001">BRCA_9422</controlfield>
  <controlfield tag="003">FranzMayer</controlfield>
  <controlfield tag="005">20230918130338.0</controlfield>
  <controlfield tag="008">230906b        |||||||| |||| 00| 0 eng d</controlfield>
  <datafield tag="020" ind1=" " ind2=" ">
    <subfield code="a">01884638</subfield>
  </datafield>
  <datafield tag="040" ind1=" " ind2=" ">
    <subfield code="a">MFM</subfield>
    <subfield code="b">ESPA&#xD1;OL</subfield>
    <subfield code="c">MFM</subfield>
  </datafield>
  <datafield tag="050" ind1=" " ind2="0">
    <subfield code="a">F1209.5</subfield>
    <subfield code="b">C66 2018</subfield>
  </datafield>
  <datafield tag="110" ind1="1" ind2=" ">
    <subfield code="4">Responsable</subfield>
    <subfield code="a">Secretaria de Cultura</subfield>
    <subfield code="b">Coordinaci&#xF3;n Nacional de Monumentos Hist&#xF3;ricos</subfield>
    <subfield code="9">29646</subfield>
  </datafield>
  <datafield tag="240" ind1=" " ind2=" ">
    <subfield code="a">Bolet&#xED;n de monumentos hist&#xF3;ricos 43</subfield>
    <subfield code="h">Tercera &#xE9;poca, N&#xFA;m 43, mayo-agosto 2018</subfield>
    <subfield code="l">Espa&#xF1;ol</subfield>
  </datafield>
  <datafield tag="245" ind1="0" ind2=" ">
    <subfield code="a">Bolet&#xED;n de monumentos hist&#xF3;ricos 43</subfield>
    <subfield code="b">Tercera &#xE9;poca, N&#xFA;m 43, mayo-agosto 2018</subfield>
  </datafield>
  <datafield tag="260" ind1=" " ind2=" ">
    <subfield code="a">M&#xE9;xico</subfield>
    <subfield code="b">Secretaria de Cultura</subfield>
    <subfield code="c">2018</subfield>
  </datafield>
  <datafield tag="300" ind1=" " ind2=" ">
    <subfield code="a">196 p</subfield>
    <subfield code="b">Ilustraciones</subfield>
    <subfield code="c">28 cm</subfield>
  </datafield>
  <datafield tag="500" ind1=" " ind2=" ">
    <subfield code="a">Anexo 1</subfield>
  </datafield>
  <datafield tag="500" ind1=" " ind2=" ">
    <subfield code="a">Incluye un formato para suscripci&#xF3;n al bolet&#xED;n</subfield>
  </datafield>
  <datafield tag="505" ind1=" " ind2=" ">
    <subfield code="a">Texto en: espa&#xF1;olIncluye &#xED;ndice tem&#xE1;ticoDirigido a: arquitectos, historiadores o arque&#xF3;logos </subfield>
  </datafield>
  <datafield tag="650" ind1="1" ind2=" ">
    <subfield code="2">America Latina</subfield>
    <subfield code="a">M&#xE9;xico</subfield>
    <subfield code="v">Monumentos hist&#xF3;ricos </subfield>
    <subfield code="9">29647</subfield>
  </datafield>
  <datafield tag="651" ind1="2" ind2=" ">
    <subfield code="2">Bolet&#xED;n</subfield>
    <subfield code="a">Boletines especiales</subfield>
    <subfield code="v">Bolet&#xED;n de monumentos hist&#xF3;ricos </subfield>
    <subfield code="9">29648</subfield>
  </datafield>
  <datafield tag="942" ind1=" " ind2=" ">
    <subfield code="2">lcc</subfield>
    <subfield code="c">H</subfield>
  </datafield>
  <datafield tag="999" ind1=" " ind2=" ">
    <subfield code="c">11044</subfield>
    <subfield code="d">11044</subfield>
  </datafield>
  <datafield tag="952" ind1=" " ind2=" ">
    <subfield code="0">0</subfield>
    <subfield code="1">0</subfield>
    <subfield code="2">lcc</subfield>
    <subfield code="4">0</subfield>
    <subfield code="7">0</subfield>
    <subfield code="8">FCON</subfield>
    <subfield code="a">BRCA</subfield>
    <subfield code="b">BRCA</subfield>
    <subfield code="d">2023-09-06</subfield>
    <subfield code="l">0</subfield>
    <subfield code="o">F1209.5 C66 2018</subfield>
    <subfield code="p">CONT10195</subfield>
    <subfield code="r">2023-09-06 00:00:00</subfield>
    <subfield code="w">2023-09-06</subfield>
    <subfield code="y">H</subfield>
  </datafield>
</record>
